| 000 | 00379nam a2200133Ia 4500 | ||
|---|---|---|---|
| 008 | 210430s9999 xx 000 0 und d | ||
| 020 | _a0-9620629-0-1 | ||
| 082 | _a623.4519 N665 M | ||
| 100 |
_aJack N Nielsen _952555 |
||
| 245 |
_aMissile Aerodynamics _cJack N Nielsen |
||
| 260 |
_aCalifornia _bNielsen engineering 7 Research,INc _c1960 |
||
| 300 | _a450p. | ||
| 942 |
_cBK _2ddc |
||
| 999 |
_c561846 _d561846 |
||